• 首页
  • 本馆介绍
  • 公告通知
  • 最新文献
  • 馆藏检索
  • 电子资源
  • 读者导购
  • 参考咨询
  • 我的图书馆
  • 登录
  • 详细信息显示
  • 放入我的书架
  • 预约/预借图书
  • 作者相关作品
  • 分类相关作品
  • 丛书相关作品
  • 出版社相关作品

书目信息

  • 表格格式
  • 工作单格式
  • 卡片格式
题名:
中美文化在戏剧中交流
    
 
作者: 刘海平 , 朱栋霖 著
分册:  
出版信息: 南京   南京大学出版社  1988.5
页数: 329页
开本: 20厘米
丛书名:
单 册:
中图分类: J820.9 , I712.073
科图分类:
主题词: 戏剧-文化交流--中国、美国 , 文化交流-戏剧--中国、美国 , 文学
电子资源:
ISBN: 7-305-00188-0
000 01189nam0 2200325 45
001 0189002444
005 20040412144147.5
010    @a7-305-00188-0@dCNY4.00
020    @aCN@b89002444
100    @a19900816d1988 m y0chiy0120 ea
101 0  @achi
102    @aCN@b320000
105    @af z 000yy
106    @ar
200 10 @a中美文化在戏剧中交流@Azhong mei wen hua zai xi ju zhong jiao liu@e奥尼尔与中国@Eao ni er yu zhong guo@f刘海平,朱栋霖著@Fliu hai ping , zhu dong lin zhu
210    @a南京@c南京大学出版社@d1988.5
215    @a329页@c彩照@d20厘米
300    @a刘海平(1944- ),南京大学外文系副教授
300    @a朱栋霖(1949- ),苏州大学中文系副教授
330    @a全书考察了诺贝尔文学奖获得者,美国著名剧作家尤金·奥尼尔所受东方哲学的影响,以及他对中国戏剧的影响和60年来中国奥尼尔研究的文化进程。
540 1  @a中美文化 戏剧 交流@Azhong mei wen hua xi ju jiao liu
606    @a戏剧-文化交流@y中国、美国
606    @a文化交流-戏剧@y中国、美国
606 0  @a文学
690    @aJ820.9@v1980
690    @aI712.073
701  0 @a刘海平@Aliu hai ping@4著
701  0 @a朱栋霖@Azhu dong lin@4著
801  0 @aCN@bNLC@c19900816
905    @f1@b256800@dI712.073@e258
    
    中美文化在戏剧中交流:奥尼尔与中国/刘海平,朱栋霖著.-南京:南京大学出版社,1988.5
    329页:彩照;20厘米
    刘海平(1944- ),南京大学外文系副教授.-朱栋霖(1949- ),苏州大学中文系副教授
    
    ISBN 7-305-00188-0:CNY4.00
    全书考察了诺贝尔文学奖获得者,美国著名剧作家尤金·奥尼尔所受东方哲学的影响,以及他对中国戏剧的影响和60年来中国奥尼尔研究的文化进程。
●
相关链接 在E读中查询图书 在五车中查询图书 在当当中查询图书 在豆瓣中查询图书


正题名:中美文化在戏剧中交流     索取号:I712.073/258         预约/预借

序号 登录号 条形码 馆藏地/架位号 状态 备注
1 0256800   000171619   第二借阅区/ [索取号:I712.073/258] 在馆    
2 0256801   000171655   第一样本阅览室/ [索取号:I712.073/258] 在馆    
唐山师范学院图书馆 欢迎您!
大连网信软件有限公司© 版权所有